[Collection of photographs of views from the windows of 12 Great George Street] (Record no. 116341)

MARC details
000 -LEADER
fixed length control field 00956ckc a22002295a 4500
001 - CONTROL NUMBER
control field L140537
008 - FIXED-LENGTH DATA ELEMENTS--GENERAL INFORMATION
fixed length control field 070927i19091910xxk eng u
035 ## - SYSTEM CONTROL NUMBER
System control number (Sirsi) u140537
041 0# - LANGUAGE CODE
Language code of text/sound track or separate title eng
100 1# - MAIN ENTRY--PERSONAL NAME
Personal name Minnitt, John W.
245 01 - TITLE STATEMENT
Title [Collection of photographs of views from the windows of 12 Great George Street]
Medium [graphic]
260 ## - PUBLICATION, DISTRIBUTION, ETC.
Date of publication, distribution, etc. 1909-1910
300 ## - PHYSICAL DESCRIPTION
Extent 7 photographs
Other physical details b&w $2 4 x 30 cm.
340 ## - PHYSICAL MEDIUM
Material base and configuration Photograph
351 ## - ORGANIZATION AND ARRANGEMENT OF MATERIALS
Hierarchical level Fonds
500 ## - GENERAL NOTE
General note Photographs show views from the Secretary's Office, Arbitration Room, Council Room and Library. There is also a photograph looking towards Great George Street from Princes Mews, showing the flank wall of 12 Great George Street.
500 ## - GENERAL NOTE
General note Notes on the verso of the mount give the date and time the photograph was taken, the position of the camera and the negative number.
500 ## - GENERAL NOTE
General note Photographs are mounted on card.
651 4# - SUBJECT ADDED ENTRY--GEOGRAPHIC NAME
Geographic name London
690 ## - LOCAL SUBJECT ADDED ENTRY--TOPICAL TERM (OCLC, RLIN)
Topical term or geographic name as entry element ABOUT RICS
942 ## - ADDED ENTRY ELEMENTS (KOHA)
Suppress in OPAC 0
Holdings
Withdrawn status Lost status Source of classification or shelving scheme Damaged status Not for loan Home library Current library Shelving location Date acquired Total Checkouts Full call number Barcode Date last seen Copy number Price effective from Koha item type
    Dewey Decimal Classification     Historic collection Historic collection Historic collection 27/09/2007   MAP CABINET DRAWER 2 140537-2001 06/08/2019 1 06/08/2019 Archive